Crianças, adolescentes e crack : desafios para o cuidado /

Annotation

Bibliographic Details
Corporate Author: JSTOR (Organization)
Format: eBook
Language:Portuguese
Published: [Place of publication not identified] : SCIELO EDITORA FIOCRUZ, 2015.
Subjects:
Online Access:Connect to the full text of this electronic book

MARC

Tag First Indicator Second Indicator Subfields
LEADER 00000cam a2200000Mi 4500
001 in00004635306
006 m o d
007 cr |||||||||||
008 180308s2015 xx o 000 0 por d
005 20230103223432.1
010 |a  2016311045 
035 |a (OCoLC)on1027752695 
040 |a YDX  |b eng  |e pn  |c YDX  |d JSTOR  |d OCLCF  |d OCLCQ  |d OCLCA  |d VT2  |d K6U  |d OCLCO 
019 |a 1027807409  |a 1181907809 
020 |a 8575415549  |q (electronic bk.) 
020 |a 9788575415542  |q (electronic bk.) 
020 |a 9788575414712 
020 |a 8575414712 
035 |a (OCoLC)1027752695  |z (OCoLC)1027807409  |z (OCoLC)1181907809 
037 |a 22573/ctt2112fz2  |b JSTOR 
043 |a s-bl--- 
050 4 |a HV5824.Y68  |b C75 2015eb 
082 0 4 |a 362.29  |2 23 
049 |a TXAM 
245 0 0 |a Crianças, adolescentes e crack :  |b desafios para o cuidado /  |c Simone Gonçalves de Assis, organizadora. 
260 |a [Place of publication not identified] :  |b SCIELO EDITORA FIOCRUZ,  |c 2015. 
300 |a 1 online resource 
336 |a text  |b txt  |2 rdacontent 
337 |a computer  |b c  |2 rdamedia 
338 |a online resource  |b cr  |2 rdacarrier 
504 |a Includes bibliographical references. 
520 8 |a Annotation  |b O crack é uma droga de rápida absorção que causa impacto instantâneo na saúde global dos usuários e provoca comprometimento clínico e psiquiátrico. Este livro aborda o consumo da droga por crianças e adolescentes e as consequências que sofrem devido ao uso da substância por pais ou responsáveis. A obra reúne dez capítulos e tem por base os resultados de duas pesquisas realizadas pela Fundação Oswaldo Cruz. Os autores atuam em diferentes campos de conhecimento e dão à obra uma visão interdisciplinar sobre o assunto. Eles buscaram identificar quantos e quem são esses jovens indivíduos e traçar um perfil deles, além de refletir sobre as formas de atenção existentes em algumas cidades brasileiras. Para a organizadora, o crack é um problema de saúde pública que afeta diversas famílias brasileiras, "mais pelos impactantes efeitos provocados nos indivíduos e na sociedade, do que necessariamente pelos números alcançados. Nos estudos que aferem prevalência existente no país, o uso do crack tende a atingir algo em torno de 1% da população em geral, enquanto outros problemas como, por exemplo, o uso de álcool, abrangem proporções muito maiores". 
650 0 |a Teenagers  |x Drug use  |z Brazil. 
650 0 |a Cocaine abuse  |z Brazil. 
650 6 |a Cocaïnomanie  |z Brésil. 
650 7 |a Cocaine abuse.  |2 fast  |0 (OCoLC)fst01430058 
650 7 |a Teenagers  |x Drug use.  |2 fast  |0 (OCoLC)fst01145579 
651 7 |a Brazil.  |2 fast  |0 (OCoLC)fst01206830 
655 7 |a Electronic books.  |2 local 
710 2 |a JSTOR (Organization) 
856 4 0 |u https://www.jstor.org/stable/10.7476/9788575415542  |z Connect to the full text of this electronic book  |t 0 
955 |a JSTOR Open Access ebooks 
994 |a 92  |b TXA 
999 f f |s 88dae81f-8d25-440b-9519-3ba3fab2ee2b  |i 3dc4ec2e-a968-4b4c-a7c2-a0c123c87ba3  |t 0 
952 f f |a Texas A&M University  |b College Station  |c Electronic Resources  |d Available Online  |t 0  |e HV5824.Y68 C75 2015eb  |h Library of Congress classification 
998 f f |a HV5824.Y68 C75 2015eb  |t 0  |l Available Online